00386nam a22001217a 450000500170000001000130001702000180003003700360004810000200008424500950010426000440019930000210024320141017170828.0 aBAC-EN21 a9781107444348 adplbCambridge University Press aDam, Shubhankar aPresidential Legislation in India:bthe law and practice of ordinances/cby Shubhankar Dam aDelhibCambridge University Pressc2014 a259p.c22cm(pbk)